1775 1428 1905 1708 1920 1108 1459 1142 1745 1290 1871 1980 1584 1442 1932 1901 1911 1515 1392 1503 1373 1875 1003 1577 1936 1862 1265 1621 1151 1642 1467 1789 1872 1192 1526 1576 1306 1732 1467 1058 1176 1209 1761 1290 1892 1994 1475 1737 1085 1611 1624 1511 1637 1239 1552 1507 1217 1169 1546 1889 1392 1797 1665 1214 1462 1362 1011 1016 1116 1753 1554 1396 1976 1748 1024 1960 1520 1284 1289 1936 1323 1838 1171 1984 1110 1956 1995 1435 1917 1491 1821 1358 1207 1525 1140 1248 1758 1798 1941 BCNSPRNW ULIB Ver.6.0+V

เปลี่ยนเป็นภาษาไทย

Change to English
 แสดงรายละเอียดบรรณานุกรม
  กลับหน้าหลัก

Brief Record : Get Marc (ISO 2709) : E-mail record : QR code < ปิดหน้าต่าง
LEADER : 00000nam 2200000uu 4500
001    13399124919
003     ULIB
008    160510s2558||||th 000 0 tha d
020    ^a9786165519311
060  4 ^aWB115^bต367 ล.2
110 1  ^aจุฬาลงกรณ์มหาวิทยาลัย^bคณะแพทยศาสตร์^bภาควิชาอายุรศาสตร์ คณะแพทยศาสตร์
245 00 ^aตำราอายุรศาสตร์ เล่ม2/^cบรรณาธิการ ; ชุษณา สวนกระต่าย และคณะ
250    ^aพิมพ์ครั้งที่ 1.
260    ^aกรุงเทพฯ :^bภาควิชาอายุรศาสตร์ คณะแพทยศาสตร์ จุฬาลงกรณ์มหาวิทยาลัย,^c2558.
300    ^a2 เล่ม :^bภาพประกอบ.
505 0  ^a-- เล่ม 1 ... Host defense against infections ... Antimicrobial therapy in clinical practice ... การติดเชื้อในผู้ป่วยที่มีภาวะภูมิคุ้มกันบกพร่อง (infection in immunocompromised host) ... โรคติดเชื้ไวรัสเอชไอวี ... โรคปอดอักเสบชุมชน (community-acguired penumonia) ... วัณโรคปอด (pulmonary tuberculosis) ... ท้องเสียเฉียบพลันจากการติดเชื้อ (acute infectious diarrhea) ... การป้องกันการติดเชื้อในโรงพยาบาล ... Clinical medicine as a jigsaw picture ...ปวดศีรษะ ... โรคหลอดเลือดสมอง ... Imaging of acute ischemic stroke ... Seizure and epilepsy ... Clinical approach in movement disorders ... Neuromuscular diseases -- เล่ม 2 ... การตรวจปัสสาวะเบื้องต้น ... Laboratory investigations and interpretation in renal diseases ... Nuclear nephrology ... Acute kidney injury ... Chronic kidney disease ... Glomerular diseases ... โลหิตวิทยาทางห้องปฏิบัติการ (Laboratory hematology) ... Bleeding disorders and thrombosis ... Dyspepsia แนวทางการวินิจฉัยและรักษา ... Functional gastrointestinal disoerders ... ท้องเสียเรื้อรัง ... ภาวะเลือดออกทางเดินอาหาร (gastroinfestinal bleeding) ... แนวทางการแปลผล Liver function test ... แนวทางการรักษาผู้ป่วยโรคตับแข็ง ... การรักษาภาวะตับอ่อนอักเสบเฉียบพลัน
650  7 ^aการรักษาโรค
650  7 ^aอายุรศาสตร์^vรวมเรื่อง
700 0  ^aชุษณา สวนกระต่าย,^eบรรณาธิการ
700 0  ^aนภชาญ เอื้อประเสริฐ,^eบรรณาธิการ
700 0  ^aกำพล สุวรรณพิมลกุล,^eบรรณาธิการ
700 0  ^aกมลวรรณ จุติวรกุล,^eบรรณาธิการ
945    ^p650^l0^i000717
945    ^p650^l0^i000718
945    ^p650^l0^i000719
945    ^p650^l0^i000720
945    ^p650^l0^i000721
945    ^p650^l0^i000722
945    ^p650^l0^i000723
945    ^p650^l0^i000724
945    ^p650^l0^i000725
945    ^p650^l0^i000726
999    ^aเกษร โพธิ์สุวรรณ
รายการนี้ยังไม่มีแท็ก
คุณยังไม่ได้ล็อกอิน คุณสามารถมีกิจกรรมร่วมกับเว็บไซต์ได้ แต่ต้องล็อกอินก่อน ::
  ล็อกอิน

รายการสื่อสารสนเทศ

ลำดับที่ ประเภท เลขเรียก/บาร์โค้ด สถานที่ สถานะ
1. วิทยาศาสตร์การแพทย์ และสุขภาพ
วิทยาศาสตร์การแพทย์ และสุขภาพ
สถานะ=หนังสือเก่า
WB115 ต367 ล.2 ฉ.1 
  Barcode: 000717
ห้องสมุดวิทยาเขตสวรรค์ประชารักษ์
►ส่วนจัดเก็บหนังสือเก่า สปร
บนชั้น
  ขอยืม
2. วิทยาศาสตร์การแพทย์ และสุขภาพ
วิทยาศาสตร์การแพทย์ และสุขภาพ
สถานะ=หนังสือเก่า
WB115 ต367 ล.2 ฉ.10 
  Barcode: 000726
ห้องสมุดวิทยาเขตสวรรค์ประชารักษ์
►ส่วนจัดเก็บหนังสือเก่า สปร
บนชั้น
  ขอยืม
3. วิทยาศาสตร์การแพทย์ และสุขภาพ
วิทยาศาสตร์การแพทย์ และสุขภาพ
สถานะ=หนังสือเก่า
WB115 ต367 ล.2 ฉ.2 
  Barcode: 000718
ห้องสมุดวิทยาเขตสวรรค์ประชารักษ์
►ส่วนจัดเก็บหนังสือเก่า สปร
บนชั้น
  ขอยืม
4. วิทยาศาสตร์การแพทย์ และสุขภาพ
วิทยาศาสตร์การแพทย์ และสุขภาพ
สถานะ=หนังสือเก่า
WB115 ต367 ล.2 ฉ.3 
  Barcode: 000719
ห้องสมุดวิทยาเขตสวรรค์ประชารักษ์
►ส่วนจัดเก็บหนังสือเก่า สปร
บนชั้น
  ขอยืม
5. วิทยาศาสตร์การแพทย์ และสุขภาพ
วิทยาศาสตร์การแพทย์ และสุขภาพ
สถานะ=หนังสือเก่า
WB115 ต367 ล.2 ฉ.4 
  Barcode: 000720
ห้องสมุดวิทยาเขตสวรรค์ประชารักษ์
►ส่วนจัดเก็บหนังสือเก่า สปร
บนชั้น
  ขอยืม
6. วิทยาศาสตร์การแพทย์ และสุขภาพ
วิทยาศาสตร์การแพทย์ และสุขภาพ
สถานะ=หนังสือเก่า
WB115 ต367 ล.2 ฉ.5 
  Barcode: 000721
ห้องสมุดวิทยาเขตสวรรค์ประชารักษ์
►ส่วนจัดเก็บหนังสือเก่า สปร
บนชั้น
  ขอยืม
7. วิทยาศาสตร์การแพทย์ และสุขภาพ
วิทยาศาสตร์การแพทย์ และสุขภาพ
สถานะ=หนังสือเก่า
WB115 ต367 ล.2 ฉ.6 
  Barcode: 000722
ห้องสมุดวิทยาเขตสวรรค์ประชารักษ์
►ส่วนจัดเก็บหนังสือเก่า สปร
บนชั้น
  ขอยืม
8. วิทยาศาสตร์การแพทย์ และสุขภาพ
วิทยาศาสตร์การแพทย์ และสุขภาพ
สถานะ=หนังสือเก่า
WB115 ต367 ล.2 ฉ.7 
  Barcode: 000723
ห้องสมุดวิทยาเขตสวรรค์ประชารักษ์
►ส่วนจัดเก็บหนังสือเก่า สปร
บนชั้น
  ขอยืม
9. วิทยาศาสตร์การแพทย์ และสุขภาพ
วิทยาศาสตร์การแพทย์ และสุขภาพ
สถานะ=หนังสือเก่า
WB115 ต367 ล.2 ฉ.8 
  Barcode: 000724
ห้องสมุดวิทยาเขตสวรรค์ประชารักษ์
►ส่วนจัดเก็บหนังสือเก่า สปร
บนชั้น
  ขอยืม
10. วิทยาศาสตร์การแพทย์ และสุขภาพ
วิทยาศาสตร์การแพทย์ และสุขภาพ
สถานะ=หนังสือเก่า
WB115 ต367 ล.2 ฉ.9 
  Barcode: 000725
ห้องสมุดวิทยาเขตสวรรค์ประชารักษ์
►ส่วนจัดเก็บหนังสือเก่า สปร
บนชั้น
  ขอยืม

รายการใกล้เคียง
    หัวเรื่อง [การรักษาโรค]

BibComment


ยังไม่เคยถูกคอมเมนท์

คอมเมนท์ทรัพยากรรายการนี้
  คอมเมนท์: ตำราอายุรศาสตร์ ..


 Copyright 2026. Bcnsprnw @Library